Chun qiu fan lu zhu /

Saved in:
Bibliographic Details
Main Author: Dong, Zhongshu, active 2nd century B.C.
Corporate Author: Puban Collection.
Other Authors: Ling, Shu, 1775-1829.
Format: Book
Language:Chinese
Published: [Jiangyin] : Nan jing shu yuan, Guangxu 14 [1888]
Series:Huang Qing jing jie xu bian ; 198-199.
Subjects:
Tags: Add Tag
No Tags, Be the first to tag this record!
LEADER 01237cam a2200325ua 4500
001 007740207-3
005 20024617111505.0
008 961205s1888 cc 000 0 chi d
035 0 |a ocm36132506 
040 |a CaBVaU  |c CaBVaU  |d OCoLC  |d *YNH*  |d CStRLIN 
100 1 |6 880-01  |a Dong, Zhongshu,  |d active 2nd century B.C. 
245 1 0 |6 880-02  |a Chun qiu fan lu zhu /  |c [Dong Zhongshu] ; Ling Shu zhu. 
260 |6 880-03  |a [Jiangyin] :  |b Nan jing shu yuan,  |c Guangxu 14 [1888] 
300 |a 2 v. 
490 1 |6 880-04  |a Huang Qing jing jie xu bian ;  |v 198-199 
500 |a On double leaves, oriental style, in case. 
500 |a Block print. 
600 0 0 |6 880-05  |a Confucius.  |t Chun qiu. 
700 1 |6 880-06  |a Ling, Shu,  |d 1775-1829. 
710 2 |a Puban Collection. 
880 1 |6 100-01  |a 董仲舒,  |d active 2nd century B.C. 
880 1 0 |6 245-02  |a 春秋繁露注 /  |c [董仲舒] ; 凌曙著. 
880 |6 260-03  |a [江陰] :  |b 南菁書院,  |c 光緖14 [1888] 
880 1 |6 490-04  |a 皇清經解續編 ;  |v 198-199. 
880 0 0 |6 600-05  |a Confucius.  |t 春秋. 
880 1 |6 700-06  |a 凌曙,  |d 1775-1829. 
830 0 |6 880-54  |a Huang Qing jing jie xu bian ;  |v 198-199. 
880 0 |6 830-54  |a 皇清經解續編 ;  |v 198-199.. 
988 |a 20021111 
906 |0 OCLC